Word phổ thông

Saved in:
Bibliographic Details
Corporate Authors: VN. Guide, VN guide
Format: Book
Published: Tp. HCM Thống kê 2000
Subjects:
Tags: Add Tag
No Tags, Be the first to tag this record!
Institutions: Trung tâm Học liệu Lê Vũ Hùng, Trường Đại học Đồng Tháp
LEADER 00625pam a22002298a 4500
001 00017753
005 20171026081022.0
008 110421s2000 ||||||Viesd
020 |c 19000 
041 0 # |a Vie 
082 1 4 |a 005.52  |b W400R 
110 1 # |a VN. Guide 
245 0 0 |a Word phổ thông 
260 # # |a Tp. HCM  |b Thống kê  |c 2000 
300 # # |a 186 tr.  |c 21 cm. 
653 # # |a Word 
653 # # |a Xử lý văn bản 
710 |a VN guide 
852 # # |b Kho đọc  |j KD.0002957 
852 # # |j KD.0002957 
910 |d 21/04/2011 
980 # # |a Trung tâm Học liệu Lê Vũ Hùng, Trường Đại học Đồng Tháp